Statistiques concernant Courses Mario Kart

Cliquez ici pour prendre le quiz!

Statistiques générales

  • Ce quiz a été pris 32 fois
    (9 depuis la dernière actualisation)
  • Le résultat moyen est 6 sur 272

Statistiques - réponses

HintRéponse% Correct
MKWii Coupe ChampignonUsine Toad
75%
MKDD Coupe EtoileCircuit Yoshi
50%
MKDD Coupe SpécialeArène Wario
25%
MK64 Coupe FleurAutoroute Toad
25%
MKDS Coupe EtoileBateau Volant
25%
MKWii Coupe EtoileCap Koopa
25%
MK8 Coupe ChampignonChampidrôme
25%
MKDS Coupe ChampignonCircuit en 8
25%
SMK Coupe ChampignonCircuit Mario 1
25%
SMK Coupe ChampignonCircuit Mario 2
25%
MKSC Coupe ChampignonCircuit Peach
25%
MK7 Coupe ChampignonCircuit Toad
25%
MKDS Coupe FleurDésert du Soleil
25%
MKWii Coupe ChampignonGorge Champignon
25%
MK7 Coupe ChampignonLagon Cheep Cheep
25%
MK8 Coupe ClochetteMétro Turbo
25%
MKDD Coupe EtoileMontagne DK
25%
MKDD Coupe ChampignonPlage Peach
25%
MKWii Coupe ChampignonPrairie Meuh Meuh
25%
MKDS Coupe FleurQuartier Delfino
25%
MKDS Coupe SpécialeStade Wario
25%
MKWii Coupe FleurSupermarché Coco
25%
MK8D Coupe Turbo Dorée3DS Circuit Toad
0%
MK8 Coupe Eclair3DS Egout Piranha
0%
MK8 Coupe Banane3DS Jungle DK
0%
MK8 Coupe Clochette3DS Koopapolis
0%
MK8D Coupe à Épines3DS Monde Glacé d'Harmonie
0%
MK8D Coupe Pierre3DS Mont Eboulis
0%
MK8 Coupe Feuille3DS Piste Musicale
0%
MK8D Coupe Lune3DS Route Arc-en-ciel
0%
MK8 Coupe EtoileAéroport Azur
0%
MKDS Coupe EtoileAlpes DK
0%
MK8 Coupe CrossingAnimal Crossing
0%
MK8 Coupe ŒufArène d'Excitebike
0%
MK64 Coupe ChampignonAutodrome Luigi
0%
MK64 Coupe FleurAutodrome Mario
0%
MK64 Coupe EtoileAutodrome Royal
0%
MK8 Coupe ClochetteBig Blue
0%
MKWii Coupe EtoileBois Vermeil
0%
MK8 Coupe FleurCascades Maskass
0%
MKDS Coupe ChampignonCascades Yoshi
0%
MKDD Coupe EtoileChampiville
0%
MKSC Coupe ChampignonChâteau de Bowser 1 (GBA)
0%
SMK Coupe ChampignonChâteau de Bowser 1 (SNES)
0%
MKSC Coupe FleurChâteau de Bowser 2 (GBA)
0%
SMK Coupe FleurChâteau de Bowser 2 (SNES)
0%
MK7 Coupe SpécialeChâteau de Bowser (3DS)
0%
MKSC Coupe EtoileChâteau de Bowser 3 (GBA)
0%
SMK Coupe EtoileChâteau de Bowser 3 (SNES)
0%
MKSC Coupe SpécialeChâteau de Bowser 4
0%
MKDS Coupe SpécialeChâteau de Bowser (DS)
0%
MKDD Coupe SpécialeChâteau de Bowser (GCN)
0%
MK64 Coupe EtoileChâteau de Bowser (N64)
0%
MKWii Coupe SpécialeChâteau de Bowser (Wii)
0%
MK8 Coupe SpécialeChâteau de Bowser (Wii U / Switch)
0%
MKWii Coupe EtoileCircuit Daisy
0%
MK8 Coupe TriforceCircuit d'Hyrule
0%
MKSC Coupe EclairCircuit Luigi (GBA)
0%
MKDD Coupe ChampignonCircuit Luigi (GCN)
0%
SMK Coupe FleurCircuit Mario 3
0%
MK7 Coupe FleurCircuit Mario (3DS)
0%
SMK Coupe EtoileCircuit Mario 4
0%
MKDS Coupe EtoileCircuit Mario (DS)
0%
MKSC Coupe FleurCircuit Mario (GBA)
0%
MKDD Coupe FleurCircuit Mario (GCN)
0%
MKWii Coupe FleurCircuit Mario (Wii)
0%
MK8 Coupe FleurCircuit Mario (Wii U / Switch)
0%
MK8D Coupe HélicoCité Sorbet
0%
MK8 Coupe EtoileClub Mario
0%
MKDS Coupe FleurCorniche Champignon
0%
MK8D Coupe PlumeCourse à la Propreté
0%
MK8 Coupe EtoileDescente Givrée
0%
MK64 Coupe ChampignonDésert Kalimari
0%
MKDD Coupe ChampignonDésert Sec Sec
0%
MK8 Coupe SpécialeDésert Toussec
0%
MKSC Coupe EtoileDésert Yoshi
0%
MKWii Coupe Champignon
Circuit Luigi (Wii)
0%
MK8D Coupe Maneki-NekoDojo Ninja
0%
MK7 Coupe FeuilleDS Alpes DK
0%
MK7 Coupe EclairDS Bateau Volant
0%
MKWii Coupe CarapaceDS Cascades Yoshi
0%
MK8D Coupe BoomerangDS Circuit Mario
0%
MK8D Coupe Maneki-NekoDS Corniche Champignon
0%
MKWii Coupe FeuilleDS Désert du Soleil
0%
MK7 Coupe BananeDS Flipper Waluigi (3DS)
0%
MK8 Coupe EclairDS Horloge Tic Tac
0%
MKWii Coupe EclairDS Jardins Peach (Wii)
0%
MK7 Coupe CarapaceDS Manoir de Luigi
0%
MK8D Coupe LuneDS Peach Gardens (Switch)
0%
MK8D Coupe NavetDS Pinball Waluigi (Switch)
0%
MK8 Coupe CarapaceDS Plage Cheep Cheep
0%
MKWii Coupe BananeDS Quartier Delfino
0%
MK8 Coupe FeuilleDS Stade Wario
0%
MK7 Coupe EtoileEgout Piranha
0%
MK64 Coupe ChampignonFerme Meuh Meuh
0%
MKDS Coupe FleurFlipper Waluigi
0%
MK7 Coupe EtoileGalion Wario
0%
MK7 Coupe CarapaceGBA Château de Bowser 1
0%
MKDS Coupe BananeGBA Château de Bowser 2
0%
MKWii Coupe FeuilleGBA Château de Bowser 3
0%
MKDS Coupe FeuilleGBA Circuit Luigi
0%
MK8 Coupe CarapaceGBA Circuit Mario
0%
MKDS Coupe CarapaceGBA Circuit Peach
0%
MKDS Coupe EclairGBA Jardin Volant (DS)
0%
MK8D Coupe Maneki-NekoGBA Jardin Volant (Switch)
0%
MK8D Coupe PierreGBA Lac Boo
0%
MK8D Coupe CerisesGBA Pays Crépuscule
0%
MK8 Coupe CrossingGBA Pays Fromage
0%
MK8D Coupe HélicoGBA Pays Neigeux
0%
MKWii Coupe BananeGBA Plage Maskass
0%
MK8D Coupe FruitGBA Riverside Parc
0%
MK8 Coupe ClochetteGBA Route Ruban
0%
MKDS Coupe CarapaceGCN Circuit Luigi
0%
MKWii Coupe FeuilleGCN Circuit Mario
0%
MKDS Coupe EclairGCN Circuit Yoshi (DS)
0%
MK8 Coupe ŒufGCN Circuit Yoshi (Wii U / Switch)
0%
MK8 Coupe BananeGCN Désert Sec Sec
0%
MK7 Coupe EclairGCN Jungle Dino Dino
0%
MK8D Coupe GlandGCN Montagne DK (Switch)
0%
MKWii Coupe EclairGCN Montagne DK (Wii)
0%
MK7 Coupe FeuilleGCN Paquebot Daisy (3DS)
0%
MK8D Coupe PlumeGCN Paquebot Daisy (Switch)
0%
MKDS Coupe BananeGCN Parc Baby (DS)
0%
MK8 Coupe CrossingGCN Parc Baby (Wii U / Switch)
0%
MKWii Coupe CarapaceGCN Plage Peach
0%
MKDS Coupe FeuilleGCN Pont Champignon
0%
MK8 Coupe FeuilleGCN Royaume Sorbet
0%
MK8D Coupe BoomerangGCN Stade Waluigi (Switch
0%
MKWii Coupe BananeGCN Stade Waluigi (Wii)
0%
MKDS Coupe EtoileHorloge Tic Tac
0%
MKSC Coupe EclairÎle Cheep Cheep
0%
SMK Coupe FleurÎle Choco 1
0%
SMK Coupe EtoileÎle Choco 2
0%
MK8D Coupe FruitIle de Yoshi
0%
MKDS Coupe SpécialeJardins Peach
0%
MKSC Coupe EclairJardin Volant
0%
MKSC Coupe SpécialeJetée cassée
0%
MKDD Coupe SpécialeJungle Dino Dino
0%
MK7 Coupe SpécialeJungle DK (3DS)
0%
MK64 Coupe SpécialeJungle DK (N64)
0%
MK7 Coupe EtoileKoopapolis
0%
MKSC Coupe FleurLac Boo
0%
SMK Coupe EtoileLac Vanille 1
0%
SMK Coupe SpécialeLac Vanille 2
0%
MK8 Coupe EtoileLagon Tourbillon
0%
MKSC Coupe SpécialeLakeside Park
0%
MK7 Coupe FleurLittoral Wuhu
0%
MKDS Coupe ChampignonManoir de Luigi
0%
MK8 Coupe FleurManoir Trempé
0%
N64 :Mario Kart 64
0%
3DS :Mario Kart 7
0%
Wii U / Switch :Mario Kart 8 / Deluxe
0%
GCN :Mario Kart Double Dash
0%
DS :Mario Kart DS
0%
GBA :Mario Kart Super Circuit
0%
Wii :Mario Kart Wii
0%
MKWii Coupe FleurMine Wario
0%
MK7 Coupe SpécialeMonde Glacé d'Harmonie
0%
MK64 Coupe FleurMontagne Choco
0%
MK7 Coupe FleurMont Eboulis
0%
MK8D Coupe LuneMont Festif
0%
MK8 Coupe ŒufMute City
0%
MK7 Coupe CarapaceN64 Autodrome Luigi
0%
MKWii Coupe CarapaceN64 Autodrome Mario
0%
MK8 Coupe BananeN64 Autodrome Royal
0%
MK8 Coupe CarapaceN64 Autoroute Toad
0%
MKWii Coupe EclairN64 Château de Bowser
0%
MK7 Coupe FeuilleN64 Désert Kalimari (3DS)
0%
MK8D Coupe NavetN64 Désert Kalimari (Switch)
0%
MKDS Coupe CarapaceN64 Ferme Meuh Meuh
0%
MKWii Coupe FeuilleN64 Jungle DK
0%
MKDS Coupe FeuilleN64 Montagne Choco (DS)
0%
MK8D Coupe Turbo DoréeN64 Montagne Choco (Switch)
0%
MK7 Coupe BananeN64 Plage Koopa
0%
MKDS Coupe EclairN64 Ponton Lugubre
0%
MK8 Coupe EclairN64 Route Arc-en-ciel
0%
MKDS Coupe BananeN64 Route Glagla
0%
MKWii Coupe BananeN64 Sherbet land
0%
MK8 Coupe FeuilleN64 Vallée Yoshi
0%
MKDD Coupe FleurPaquebot Daisy
0%
MKDD Coupe ChampignonParc Baby
0%
MK8 Coupe ChampignonParc Glougloup
0%
MK8 Coupe CrossingPassage Feuillage
0%
MKSC Coupe EclairPays Crépuscule
0%
MKSC Coupe FleurPays Fromage
0%
MKSC Coupe EtoilePays Neigeux
0%
MKWii Coupe FleurPic DK
0%
MK7 Coupe EtoilePic Wuhu
0%
MK8 Coupe ChampignonPiste aux Délices
0%
MK7 Coupe FleurPiste Musicale
0%
MKDS Coupe ChampignonPlage Cheep Cheep
0%
SMK Coupe EtoilePlage Koopa 1
0%
SMK Coupe SpécialePlage Koopa 2
0%
MK64 Coupe ChampignonPlage Koopa (N64)
0%
MKSC Coupe ChampignonPlage Maskass
0%
SMK Coupe ChampignonPlaine Donut 1
0%
SMK Coupe FleurPlaine Donut 2
0%
SMK Coupe SpécialePlaine Donut 3
0%
MKDD Coupe FleurPont Champignon
0%
MK64 Coupe SpécialePonton Lugubre
0%
MK8 Coupe FleurPromenade Toad
0%
MKSC Coupe ChampignonRiverside Park
0%
MK7 Coupe SpécialeRoute Arc-en-ciel (3DS)
0%
MKDS Coupe SpécialeRoute Arc-en-ciel (DS)
0%
MKSC Coupe SpécialeRoute Arc-en-ciel (GBA)
0%
MKDD Coupe SpécialeRoute Arc-en-ciel (GCN)
0%
MK64 Coupe SpécialeRoute Arc-en-ciel (N64)
0%
SMK Coupe SpécialeRoute Arc-en-ciel (SNES)
0%
MKWii Coupe SpécialeRoute Arc-en-ciel (Wii)
0%
MK8 Coupe SpécialeRoute Arc-en-ciel (Wii U / Switch)
0%
MKWii Coupe SpécialeRoute Clair de Lune
0%
MK8 Coupe ŒufRoute du Dragon
0%
MK64 Coupe FleurRoute Glagla
0%
MKSC Coupe EtoileRoute Ruban
0%
MKDD Coupe EtoileRoyaume Sorbet (GCN)
0%
MK64 Coupe EtoileRoyaume Sorbet (N64)
0%
MK8D Coupe GlandRuines Plante Piranha
0%
MKWii Coupe SpécialeRuines Sec Sec
0%
MK8D Coupe à ÉpinesSNES Château de Bowser 3
0%
MKDS Coupe CarapaceSNES Circuit Mario 1
0%
MK7 Coupe BananeSNES Circuit Mario 2
0%
MK8D Coupe NavetSNES Circuit Mario 3 (Switch)
0%
MKWii Coupe EclairSNES Circuit Mario 3 (Wii)
0%
MKDS Coupe EclairSNES Île Choco 2
0%
MKDS Coupe FeuilleSNES Plage Koopa 2
0%
MKDS Coupe BananeSNES Plaine Donut 1
0%
MK8 Coupe BananeSNES Plaine Donut 3
0%
MK7 Coupe EclairSNES Route Arc-en-ciel (3DS)
0%
MK8 Coupe TriforceSNES Route Arc-en-ciel (Wii U / Switch)
0%
MKWii Coupe CarapaceSNES Vallée Fantôme 2
0%
MK7 Coupe ChampignonSouk Maskass
0%
MKDD Coupe FleurStade Waluigi
0%
MK64 Coupe EtoileStade Wario (N64)
0%
MK8 Coupe TriforceStation Gla Gla
0%
SNES :Super Mario Kart
0%
MK8 Coupe ChampignonTemple Thwomp
0%
MK8D Coupe PlumeTour Athènes Antique
0%
MK8D Coupe LuneTour Balade Berlinoise
0%
MK8D Coupe BoomerangTour Bousculade à Bangkok
0%
MK8D Coupe PierreTour Détour à Londres
0%
MK8D Coupe NavetTour Escapade New-Yorkaise
0%
MK8D Coupe à ÉpinesTour Méandres Madrilène
0%
MK8D Coupe BoomerangTour Poursuite à Singapour
0%
MK8D Coupe Turbo DoréeTour Promenade à Paris
0%
MK8D Coupe CerisesTour Road-Trip à Los Angeles
0%
MK8D Coupe GlandTour Roma Romantica
0%
MK8D Coupe HélicoTour Sprint à Sydney
0%
MK8D Coupe Maneki-NekoTour Traversée de Tokyo
0%
MK8D Coupe CerisesTour Virages à Vancouver
0%
MK8D Coupe FruitTour Virée à Amsterdam
0%
MK7 Coupe ChampignonVallée Daisy
0%
SMK Coupe ChampignonVallée Fantôme 1
0%
SMK Coupe FleurVallée Fantôme 2
0%
SMK Coupe SpécialeVallée Fantôme 3
0%
MK64 Coupe SpécialeVallée Yoshi
0%
MK8 Coupe SpécialeVoie Céleste
0%
MKWii Coupe EtoileVolcan Grondant
0%
MK7 Coupe FeuilleWii Bois Vermeil (3DS)
0%
MK8D Coupe PierreWii Bois Vermeil (Switch)
0%
MK7 Coupe EclairWii Cap Koopa (3DS)
0%
MK8D Coupe CerisesWii Cap Koopa (Switch)
0%
MK8D Coupe GlandWii Circuit Daisy
0%
MK8D Coupe Turbo DoréeWii Coconut Mall (Switch)
0%
MK7 Coupe CarapaceWii Gorge Champignon (3DS)
0%
MK8D Coupe HélicoWii Gorge Champignon (Switch)
0%
MK8 Coupe TriforceWii Mine Wario
0%
MK8D Coupe FruitWii Pic DK
0%
MK8 Coupe CarapaceWii Prairie Meuh Meuh
0%
MK8D Coupe à ÉpinesWii Route Arc-en-ciel
0%
MK8D Coupe PlumeWii Route Clair de Lune
0%
MK7 Coupe BananeWii Supermarché Coco (3DS)
0%
MK8 Coupe EclairWii Volcan Grondant
0%

Distribution des résultats

Percentile par nombre de réponses

% des personnes avec chaque résultat

Votre développement - résultats

Vous n’avez pas pris ce quiz depuis la dernière actualisation